| 000 | 00795nam a2200205Ii 4500 | ||
|---|---|---|---|
| 003 | JO-AjNU | ||
| 008 | 230605s9999||||xx |||||||||||||| ||und|| | ||
| 017 | _a2008/2/369 | ||
| 040 |
_aJO-AjNU _bara _erda _cJO-AjNU |
||
| 041 | _aara | ||
| 050 | 1 | 4 | _aHF5415.2.T85 2009 |
| 100 | 3 |
_aتأليف طلمية، الهام طلمية, _eauthor _957163 |
|
| 245 | 0 | 0 | _aالتسويق في المشاريع الصغيرة : مدخل استراتيجي |
| 264 | 3 | 1 | _aعمان: دار المناهج للنشر والتوزيع، 2009 |
| 300 |
_a291ص _bيحتوي ببلوغرافية من ص 285-291ص |
||
| 336 |
_atext _btxt _2rdacontent |
||
| 337 |
_aunmediated _bn _2rdamedia |
||
| 338 |
_avolume _bnc _2rdacarrier |
||
| 650 | 4 |
_aالتسويق - المشاريع الصغيرة - ادارة _957164 |
|
| 999 |
_aA25599 _c29167 _d29167 |
||